000 00958nam a2200349 a 4500
003 AR-BaBNM
005 20251128204930.0
008 082120s2002 ||||||||||||||000 | spa||
020 _a968-16-2153-0
040 _cAR-BaBNM
100 1 _aSeton, Marie
245 0 0 _aSergei M. Eisenstein
_buna biografía
250 _a1ª ed.
260 _aMéxico, D.F.
_bFondo de Cultura Económica
_c1986
300 _a533 p.
_bláms.
490 0 _aSección de obras de arte
500 _aContiene índice analítico: p. 515-531
650 4 _aBIOGRAFIAS
650 4 _aCINE
650 4 _aINDUSTRIA CINEMATOGRAFICA
650 4 _aARTE DE VANGUARDIA
650 4 _aARTE CONTEMPORANEO
650 4 _aARTES VISUALES
650 4 _aARTES ESCENICAS
650 4 _aTEATRO
650 4 _aREALIZADORES CINEMATOGRAFICOS
650 4 _aDIRECTORES DE CINE
655 _aBIOGRAFIAS
700 1 _aAlsina Thevenet, Homero
_etraductor
942 _cBK
998 _cMARTIN
999 _c9380
_d9380